Les espérances de l'église / (Record no. 162916)

MARC details
000 -LEADER
campo de control de longitud fija 00776nam a22002175i 4500
001 - NÚMERO DE CONTROL
campo de control 162916
003 - IDENTIFICADOR DE NÚMERO DE CONTROL
campo de control ES-MaACL
005 - FECHA Y HORA DE LA ÚLTIMA TRANSACCIÓN
campo de control 20250830111232.0
008 - DATOS DE LONGITUD FIJA--INFORMACIÓN GENERAL
campo de control de longitud fija 050712s1861 fr |||| | fre d
040 ## - FUENTE DE CATALOGACIÓN
Centro catalogador/agencia de origen CAM
Lengua de catalogación spa
Centro/agencia transcriptor CAM
100 1# - ENTRADA PRINCIPAL--NOMBRE DE PERSONA
Nombre de persona Ramière, Henry (
Fechas asociadas al nombre 1821-1884)
9 (RLIN) 131575
245 14 - MENCIÓN DEL TÍTULO
Título Les espérances de l'église /
Mención de responsabilidad, etc. par le P. H. Ramière de la Compagnie de Jésus.
260 ## - PUBLICACIÓN, DISTRIBUCIÓN, ETC.
Lugar de publicación, distribución, etc. Paris ;
-- Lyon :
Nombre del editor, distribuidor, etc. libriarie Catholique et Classique de Périsse Frères,
Fecha de publicación, distribución, etc. 1861 (
Lugar de fabricación/manufactura Le Puy :
Fabricante Imprimerie Machessou)
300 ## - DESCRIPCIÓN FÍSICA
Extensión XXVIII, 756 p. ;
Dimensiones 18 cm.
610 24 - PUNTO DE ACCESO ADICIONAL DE MATERIA--NOMBRE DE ENTIDAD CORPORATIVA
Nombre de entidad corporativa o nombre de jurisdicción como elemento de entrada Iglesia Católica
9 (RLIN) 4639
752 ## - ENTRADA AGREGADA--NOMBRE JERÁRQUICO DEL LUGAR
País o entidad superior Francia -
Ciudad Paris
752 ## - ENTRADA AGREGADA--NOMBRE JERÁRQUICO DEL LUGAR
País o entidad superior Francia -
Ciudad Lyon
752 ## - ENTRADA AGREGADA--NOMBRE JERÁRQUICO DEL LUGAR
País o entidad superior Francia -
Ciudad Le Puy en Velay
852 ## - LOCALIZACIÓN
Ubicación ES-MaACL
Número de control de estantería D-2032
Nota libre - Enc. hol.
Holdings
Estatus retirado Estado de pérdida Estado de daño No para préstamo Colección Biblioteca de origen Biblioteca actual Ubicación en estantería Fecha de adquisición Fuente de adquisición Total de préstamos Signatura topográfica completa Código de barras Visto por última vez Precio de reemplazo Tipo de ítem Koha
        Libros del s. XIX Biblioteca del Ateneo de Madrid Biblioteca del Ateneo de Madrid Sala Valle Inclán 17/01/2008     D-2032 901170696 23/02/2023 23/02/2023 Libro impreso antiguo